000 00569nam a22001937a 4500
003 OSt
005 20251103025338.0
008 251103b |||||||| |||| 00| 0 eng d
020 _a978-971-2793671-1
040 _aDWCL - Main Lib
_cOC
082 _aF B663k 2021
100 _aBobis, Merlinda
245 _aThe Kindness of Birds /
_cMerlinda Bobis
260 _aMandaluyong City, Philippines :
_bAnvil Publishing, Inc.,
_cc2021.
300 _a215 pages ;
_c20 cm.
650 _a1. Fiction - Birds
650 _a2. Fiction - Short Stories
942 _2ddc
_cFIC.
_mF
_n0
999 _c5386
_d5386